[Event "VII OPEN AMATEUR CALVIA"]
[Site "Calvia - Mallorca (España)"]
[Date "2010.10.13"]
[Round "5"]
[Board "1"]
[White "Helin, Mikael"]
[Black "Torres Mari, Juan"]
[Result "1-0"]
[WhiteElo "1927"]
[BlackElo "1775"]
[PlyCount "71"]
[EventDate "2010.10.09"]
[EventRounds "9"]
[EventCountry "ESP"]

1.e4 c5 2.Nc3 e5 3.Bc4 Nf6 4.d3 Nc6 5.f4 d6 6.Nf3 Be7 7.a3 a6 8.f5 b5 9.Ba2 h6
10.Qe2 Qc7 11.Qf2 Bd7 12.Qg3 c4 13.Be3 Rg8 14.O-O g5 15.Kh1 Nd8 16.Nd2 Bc6
17.Rae1 Nb7 18.b4 Nh5 19.Qf2 cxd3 20.f6 Bd8 21.cxd3 Nf4 22.Bb1 Rg6 23.Rc1 Qd7
24.d4 Qg4 25.Nf3 Bxf6 26.Nd5 Bxd5 27.exd5 Rg8 28.Rc7 Nd8 29.h3 Qh5 30.Nh2 Nxd5
31.Ng4 Bg7 32.Qf3 Nxc7 33.Nf6+ Bxf6 34.Qxh5 Bg7 35.dxe5 dxe5 36.Ba2

[Event "VII OPEN AMATEUR CALVIA"]
[Site "Calvia - Mallorca (España)"]
[Date "2010.10.13"]
[Round "5"]
[Board "1"]
[White "Matas Artigues, Josep"]
[Black "Gallardo Pina, Neus"]
[Result "1/2-1/2"]
[WhiteElo "1722"]
[BlackElo "1840"]
[PlyCount "62"]
[EventDate "2010.10.09"]
[EventRounds "9"]
[EventCountry "ESP"]

1.d4 g6 2.c4 Bg7 3.Nc3 d6 4.e4 Nd7 5.f4 c5 6.d5 Nb6 7.Nf3 Bg4 8.h3 Bxf3 9.Qxf3
Qd7 10.a4 a6 11.Be2 e6 12.O-O exd5 13.cxd5 Nf6 14.a5 Nc8 15.e5 Ng8 16.Bd3 Nge7
17.Re1 O-O 18.g4 b5 19.axb6 Nxb6 20.f5 Bxe5 21.f6 Bxc3 22.bxc3 Nexd5 23.c4 Nc7
24.Re7 Qd8 25.Qf4 Ne8 26.Bb2 Nd7 27.Rae1 Ne5 28.Be4 Rb8 29.Bxe5 dxe5 30.Qxe5
Qd4+ 31.Qxd4 cxd4

[Event "VII OPEN AMATEUR CALVIA"]
[Site "Calvia - Mallorca (España)"]
[Date "2010.10.13"]
[Round "5"]
[Board "1"]
[White "Veras Sanz, Jose Antonio"]
[Black "De Esteban De Esteban, Valentin"]
[Result "0-1"]
[WhiteElo "1715"]
[BlackElo "1796"]
[PlyCount "62"]
[EventDate "2010.10.09"]
[EventRounds "9"]
[EventCountry "ESP"]

1.e4 e5 2.Nf3 d6 3.d4 exd4 4.Nxd4 Be7 5.g3 Nf6 6.Bg2 Nc6 7.Nxc6 bxc6 8.e5 Nd5
9.c4 Nb6 10.Bxc6+ Bd7 11.Bxa8 Qxa8 12.O-O Nxc4 13.exd6 Bxd6 14.Qe2+ Ne5 15.f4
Bg4 16.Qe1 Bc5+ 17.Be3 Nd3 18.Qd2 Qd5 19.Bxc5 Qxc5+ 20.Kh1 Qd5+ 21.Kg1 Qc5+
22.Kh1 Qd5+ 23.Kg1 Qd4+ 24.Kh1 O-O 25.Nc3 Rd8 26.Rae1 Bh3 27.Re4 Qc5 28.Qe2 Bxf1
29.Qxf1 Nf2+ 30.Kg2 Nxe4 31.Nxe4 Qc2+

[Event "VII OPEN AMATEUR CALVIA"]
[Site "Calvia - Mallorca (España)"]
[Date "2010.10.13"]
[Round "5"]
[Board "1"]
[White "Solsona Manonelles, Josep"]
[Black "Lewandowski, Richard"]
[Result "1/2-1/2"]
[WhiteElo "1778"]
[BlackElo "1647"]
[PlyCount "94"]
[EventDate "2010.10.09"]
[EventRounds "9"]
[EventCountry "ESP"]

1.d4 d5 2.c4 e6 3.Nc3 Nf6 4.cxd5 exd5 5.e3 c6 6.Bd3 Bd6 7.Nf3 h6 8.O-O O-O 9.Re1
Re8 10.h3 Ne4 11.Qc2 Nxc3 12.bxc3 Be6 13.e4 dxe4 14.Bxe4 Nd7 15.Be3 Nf6 16.Bd3
Nd5 17.a3 Rc8 18.c4 Nf6 19.c5 Bb8 20.Rad1 Bd5 21.Bf5 Rc7 22.Bf4 Rce7 23.Rxe7
Rxe7 24.Bxb8 Qxb8 25.Ne5 Qe8 26.f4 Be6 27.Bxe6 Rxe6 28.f5 Re7 29.Re1 Nd7 30.Qb2
Nf6 31.g4 Nd5 32.Kf1 f6 33.Nf3 Rxe1+ 34.Nxe1 Qb8 35.Qf2 Qf4 36.Kg1 Qxf2+ 37.Kxf2
Kf8 38.Kf3 Ke7 39.Nd3 b6 40.Nb4 Nxb4 41.axb4 Kd7 42.Ke3 Kc7 43.Kd3 a6 44.Kc4 b5+
45.Kc3 Kd7 46.h4 Ke7 47.h5 Kd7

[Event "VII OPEN AMATEUR CALVIA"]
[Site "Calvia - Mallorca (España)"]
[Date "2010.10.13"]
[Round "5"]
[Board "1"]
[White "Hermida Izquierdo, Miguel Angel"]
[Black "Gomez Lozano, Santiago"]
[Result "0-1"]
[WhiteElo "1774"]
[BlackElo "1556"]
[PlyCount "106"]
[EventDate "2010.10.09"]
[EventRounds "9"]
[EventCountry "ESP"]

1.c4 Nf6 2.d4 c5 3.Nf3 g6 4.Nc3 Bg7 5.g3 cxd4 6.Qxd4 Nc6 7.Qd1 O-O 8.Bg2 d6
9.O-O Be6 10.Qb3 Na5 11.Qb4 Bxc4 12.Bd2 Rc8 13.Rfe1 b6 14.Nd4 Qd7 15.Qa3 Be6
16.b3 Bh3 17.Bh1 Ng4 18.e3 Ne5 19.Ne4 Nac6 20.Nxc6 Rxc6 21.Ng5 Rc2 22.Nxh3 Qxh3
23.Bg2 Qd7 24.Rad1 Rfc8 25.b4 Nc4 26.Qd3 Nb2 27.Qe2 Nxd1 28.Qxd1 Rxa2 29.Rf1 Ra1
30.Qb3 Rxf1+ 31.Bxf1 Rc7 32.Bc4 e6 33.e4 Qc6 34.Bd3 b5 35.Bb1 Bc3 36.Bh6 Qc4
37.Qd1 Bxb4 38.Qf3 Bc3 39.Bd3 Qc5 40.Bxb5 Qxb5 41.e5 d5 42.Qf6 Qb1+ 43.Kg2 Qe4+
44.f3 Qc2+ 45.Kh1 Qd1+ 46.Kg2 Qe2+ 47.Kh3 Qf1+ 48.Kg4 Rc4+ 49.f4 Qe2+ 50.Kh3
Qh5+ 51.Kg2 Qxh6 52.h4 a5 53.Qd8+ Qf8

[Event "VII OPEN AMATEUR CALVIA"]
[Site "Calvia - Mallorca (España)"]
[Date "2010.10.14"]
[Round "6"]
[Board "1"]
[White "Andersen, Lars Even"]
[Black "Karlsson, Jorgen"]
[Result "0-1"]
[WhiteElo "2237"]
[BlackElo "2153"]
[PlyCount "128"]
[EventDate "2010.10.09"]
[EventRounds "9"]
[EventCountry "ESP"]

1.Nc3 g6 2.e4 Bg7 3.d4 a6 4.Be3 b5 5.Qd2 Bb7 6.f3 Nc6 7.Nce2 d5 8.e5 e6 9.Nc1 f6
10.exf6 Nxf6 11.Nb3 Nd7 12.Bg5 Bf6 13.Bxf6 Qxf6 14.O-O-O O-O 15.g3 b4 16.f4 a5
17.Kb1 a4 18.Nc1 Ba6 19.Bh3 a3 20.b3 Nc5 21.Nge2 Ne4 22.Qe3 Bxe2 23.Nxe2 Ne7
24.Bg2 Nf5 25.Qg1 c5 26.Bxe4 dxe4 27.g4 Nxd4 28.Nxd4 Rad8 29.g5 Qg7 30.Qg4 Rf5
31.c3 cxd4 32.Rxd4 Rxd4 33.cxd4 Qxd4 34.Qe2 Rd5 35.Rc1 e3 36.Re1 Qe4+ 37.Ka1
Qxf4 38.Qc2 Qe5+ 39.Kb1 Rc5 40.Qg2 Qf5+ 41.Ka1 Rd5 42.Rc1 Qe5+ 43.Kb1 Qb2+
44.Qxb2 axb2 45.Re1 Rxg5 46.Rxe3 Kf7 47.h3 Kf6 48.Re4 Rb5 49.h4 Kf5 50.Rc4 e5
51.Kxb2 e4 52.h5 gxh5 53.Rc7 Kf4 54.Rxh7 e3 55.Kc1 Rd5 56.Rf7+ Ke4 57.Re7+ Kf3
58.Rf7+ Ke2 59.Rf4 Kd3 60.Rf8 e2 61.Re8 Rd4 62.Re7 Re4 63.Rxe4 Kxe4 64.Kd2 Kf3

[Event "VII OPEN AMATEUR CALVIA"]
[Site "Calvia - Mallorca (España)"]
[Date "2010.10.14"]
[Round "6"]
[Board "1"]
[White "Chueca Forcen, Alberto"]
[Black "Gaya Llodra, Juan"]
[Result "1-0"]
[WhiteElo "2280"]
[BlackElo "2216"]
[PlyCount "63"]
[EventDate "2010.10.09"]
[EventRounds "9"]
[EventCountry "ESP"]

1.d4 Nf6 2.c4 g6 3.Nc3 d5 4.Nf3 Bg7 5.Qb3 c6 6.cxd5 cxd5 7.Bg5 Nc6 8.e3 e6 9.Bd3
O-O 10.h3 h6 11.Bf4 Ne8 12.O-O g5 13.Bh2 f5 14.Rac1 Nd6 15.Nb5 Nxb5 16.Bxb5 Bd7
17.Be2 f4 18.Bd3 Qb6 19.Qc2 e5 20.dxe5 Nxe5 21.Nxe5 Bxe5 22.exf4 gxf4 23.Qe2 Qf6
24.Qh5 Qg5 25.Qf3 Bc6 26.Rc2 Kh8 27.Re1 Rad8 28.h4 Qg7 29.Qh5 Bc7 30.Re6 Rd6
31.Re5 Be8 32.Rxe8

[Event "VII OPEN AMATEUR CALVIA"]
[Site "Calvia - Mallorca (España)"]
[Date "2010.10.14"]
[Round "6"]
[Board "1"]
[White "Renteria, Jorge"]
[Black "Holm, Kristian Stuvik"]
[Result "1/2-1/2"]
[WhiteElo "2266"]
[BlackElo "2151"]
[PlyCount "47"]
[EventDate "2010.10.09"]
[EventRounds "9"]
[EventCountry "ESP"]

1.e4 c5 2.Nf3 g6 3.d4 cxd4 4.Nxd4 Bg7 5.c4 Nc6 6.Nc2 Nf6 7.Nc3 O-O 8.Be2 d6
9.O-O Be6 10.Bd2 Rc8 11.Rc1 Nd7 12.b3 Nc5 13.f3 f5 14.b4 Nd7 15.Nd5 fxe4 16.fxe4
Nf6 17.Nxf6+ Rxf6 18.Rxf6 Bxf6 19.Kh1 Qf8 20.Ne3 Bb2 21.Rb1 Be5 22.Nd5 Qf2
23.Be1 Qf8 24.Bd2

[Event "VII OPEN AMATEUR CALVIA"]
[Site "Calvia - Mallorca (España)"]
[Date "2010.10.14"]
[Round "6"]
[Board "1"]
[White "Galiana Salom, Juan Ramon"]
[Black "Massanet Massanet, Sebastian"]
[Result "1/2-1/2"]
[WhiteElo "2204"]
[BlackElo "2260"]
[PlyCount "130"]
[EventDate "2010.10.09"]
[EventRounds "9"]
[EventCountry "ESP"]

1.e4 e5 2.Nf3 Nc6 3.Bb5 a6 4.Ba4 Nf6 5.Qe2 b5 6.Bb3 Bc5 7.c3 O-O 8.O-O d5 9.d3
d4 10.Bg5 Qd6 11.Bxf6 Qxf6 12.Bd5 Bg4 13.Nbd2 dxc3 14.bxc3 Rad8 15.Bxc6 Qxc6
16.h3 Bxf3 17.Nxf3 Bb6 18.Rfd1 Rfe8 19.Rac1 h6 20.c4 Qd6 21.Qc2 Qc5 22.cxb5 Qxc2
23.Rxc2 axb5 24.Rb2 Ra8 25.Rxb5 Rxa2 26.Rd2 Ra1+ 27.Kh2 f6 28.Rd5 Raa8 29.h4 h5
30.Kg3 Red8 31.Rxd8+ Rxd8 32.Rd1 Ba5 33.Ra1 Bc3 34.Ra3 Bb4 35.Rb3 c5 36.Nh2 Ra8
37.Nf1 Ra2 38.Ne3 Be1 39.Rb8+ Kh7 40.Nf5 Rxf2 41.Kh2 Bd2 42.Rb7 Bh6 43.Rc7 Rc2
44.Kg1 Rc3 45.Kf2 Rxd3 46.Rxc5 Rd7 47.Rc6 Bf4 48.g3 Bh6 49.Nd6 Bd2 50.Kf3 Bb4
51.Nf5 Rd3+ 52.Ke2 Rd2+ 53.Kf3 Rd7 54.Rb6 Bc5 55.Rc6 Ba7 56.Nd6 Kg6 57.Nf5 Kf7
58.g4 Kg6 59.g5 Bg1 60.gxf6 gxf6 61.Rc8 Bh2 62.Rg8+ Kh7 63.Rf8 Kg6 64.Rg8+ Kh7
65.Rf8 Kg6

[Event "VII OPEN AMATEUR CALVIA"]
[Site "Calvia - Mallorca (España)"]
[Date "2010.10.14"]
[Round "6"]
[Board "1"]
[White "Lommers, Frank"]
[Black "Voiteanu, Gabriel"]
[Result "1-0"]
[WhiteElo "2191"]
[BlackElo "2236"]
[PlyCount "31"]
[EventDate "2010.10.09"]
[EventRounds "9"]
[EventCountry "ESP"]

1.g3 g6 2.Bg2 Bg7 3.c4 Nf6 4.Nc3 e5 5.e4 Nc6 6.Nge2 d6 7.O-O Be6 8.Nd5 Nd4
9.Nxd4 exd4 10.f4 c6 11.f5 Bd7 12.Nf4 Qe7 13.d3 O-O-O 14.Bd2 gxf5 15.exf5 Bxf5
16.Qa4 {Indescifrable.}

[Event "VII OPEN AMATEUR CALVIA"]
[Site "Calvia - Mallorca (España)"]
[Date "2010.10.14"]
[Round "6"]
[Board "1"]
[White "Spence, David J"]
[Black "Lind, Jan-Olof"]
[Result "1-0"]
[WhiteElo "2225"]
[BlackElo "2213"]
[PlyCount "111"]
[EventDate "2010.10.09"]
[EventRounds "9"]
[EventCountry "ESP"]

1.e4 c5 2.c3 b6 3.d4 Bb7 4.Nd2 Qc7 5.Ngf3 cxd4 6.cxd4 Nf6 7.Bd3 g6 8.O-O Bg7
9.Re1 O-O 10.Nf1 d6 11.Ng3 Nbd7 12.Be3 e5 13.Rc1 Qd8 14.h3 Re8 15.d5 h6 16.Bb5
Rf8 17.b4 Ne8 18.Qd3 Bc8 19.Bc6 Rb8 20.Rc2 Kh7 21.Rec1 Bh8 22.Bb5 f5 23.exf5
gxf5 24.Rxc8 Rxc8 25.Rxc8 Qxc8 26.Nxf5 Ndf6 27.Nxd6+ e4 28.Nxc8 exd3 29.Bxd3+
Kg7 30.Nd4 Nc7 31.Nf5+ Kf7 32.Ncd6+ Kg8 33.Nxh6+ Kg7 34.Nhf5+ Kg8 35.Nh6+ Kg7
36.Ndf5+ Kh7 37.d6 Ncd5 38.Ne7+ Kg7 39.Nhf5+ Kf7 40.Bc4 Ke6 41.g4 Rd8 42.Bd4
Nxg4 43.Bxd5+ Kd7 44.Bxh8 Nxf2 45.Kxf2 Rxh8 46.h4 a5 47.b5 Rf8 48.h5 Rh8 49.h6
Ke8 50.Ng6 Rh7 51.Ne5 a4 52.Bc6+ Kd8 53.d7 a3 54.Nd6 Ke7 55.Ndf7 Ke6 56.Ng5+

[Event "VII OPEN AMATEUR CALVIA"]
[Site "Calvia - Mallorca (España)"]
[Date "2010.10.14"]
[Round "6"]
[Board "1"]
[White "Planas Gene, Juan"]
[Black "Garcia Gil, Javier"]
[Result "1-0"]
[WhiteElo "2163"]
[BlackElo "2241"]
[PlyCount "89"]
[EventDate "2010.10.09"]
[EventRounds "9"]
[EventCountry "ESP"]

1.d4 Nf6 2.c4 e6 3.Nc3 Bb4 4.e3 O-O 5.Nf3 c5 6.Bd3 d5 7.O-O Bxc3 8.bxc3 dxc4
9.Bxc4 Qc7 10.Qe2 Nbd7 11.Bb2 b6 12.Bd3 Bb7 13.e4 Nh5 14.g3 g6 15.Qe3 Rfe8
16.Ng5 c4 17.Be2 Nhf6 18.Bf3 e5 19.d5 h6 20.Nh3 Kg7 21.Bc1 Rh8 22.Bg2 Rae8
23.Qe2 Nc5 24.f3 Nd3 25.Be3 Nd7 26.Nf2 Nxf2 27.Qxf2 Nf6 28.a4 Nd7 29.f4 f6
30.fxe5 Qxe5 31.Bd4 Qd6 32.a5 Rhf8 33.axb6 axb6 34.Ra7 Bc8 35.Bxb6 Kg8 36.Bc7
Qe7 37.Bf4 g5 38.Be3 f5 39.Qe2 fxe4 40.Bh3 Rxf1+ 41.Qxf1 Rf8 42.Be6+ Kg7 43.Qxc4
h5 44.Qxe4 Kh6 45.h4

[Event "VII OPEN AMATEUR CALVIA"]
[Site "Calvia - Mallorca (España)"]
[Date "2010.10.14"]
[Round "6"]
[Board "1"]
[White "Dzubasz, Tino"]
[Black "Barcelo Pujadas, Pedro Jose"]
[Result "1/2-1/2"]
[WhiteElo "2039"]
[BlackElo "2269"]
[PlyCount "94"]
[EventDate "2010.10.09"]
[EventRounds "9"]
[EventCountry "ESP"]

1.e4 e6 2.d4 d5 3.Nc3 Nf6 4.Bg5 Bb4 5.e5 h6 6.Bh4 g5 7.Bg3 Ne4 8.Nge2 c5 9.a3
Ba5 10.b4 cxb4 11.Nxe4 dxe4 12.axb4 Bxb4+ 13.c3 Be7 14.Qc2 Qd5 15.h4 Rg8 16.hxg5
hxg5 17.Rh3 b5 18.f3 exf3 19.gxf3 Bb7 20.Qh7 Rf8 21.f4 g4 22.Rh2 b4 23.Bg2 Qd7
24.Bxb7 Qxb7 25.f5 bxc3 26.fxe6 Qb2 27.Rd1 c2 28.Rc1 fxe6 29.Rf2 Rxf2 30.Kxf2
Qb3 31.Qg6+ Kd7 32.Qe4 Nc6 33.Rxc2 Rf8+ 34.Kg1 Qf3 35.Qxf3 gxf3 36.Nc1 Bg5
37.Nb3 Be3+ 38.Bf2 Bxf2+ 39.Kxf2 Nb4 40.Rc3 Nd5 41.Rxf3 Rxf3+ 42.Kxf3 Kc6 43.Nc5
Nc7 44.Ke4 a5 45.Nxe6 Nxe6 46.d5+ Kd7 47.dxe6+ Kxe6

[Event "VII OPEN AMATEUR CALVIA"]
[Site "Calvia - Mallorca (España)"]
[Date "2010.10.14"]
[Round "6"]
[Board "1"]
[White "Plachkinova, Tatjana"]
[Black "Lacrosse, Marc"]
[Result "0-1"]
[WhiteElo "2091"]
[BlackElo "2198"]
[PlyCount "100"]
[EventDate "2010.10.09"]
[EventRounds "9"]
[EventCountry "ESP"]

1.d4 d5 2.c4 e6 3.Nc3 Nf6 4.cxd5 exd5 5.Bg5 c6 6.Qc2 Nbd7 7.e3 Bd6 8.Bd3 Nf8
9.O-O-O Ng6 10.Kb1 O-O 11.h4 Re8 12.h5 Nf8 13.Nf3 h6 14.Bxf6 Qxf6 15.e4 dxe4
16.Nxe4 Qd8 17.Nxd6 Qxd6 18.Ne5 Be6 19.g4 f6 20.Nc4 Qf4 21.Ne3 Rad8 22.Nf5 Bd5
23.Rhe1 Rxe1 24.Rxe1 Qxg4 25.Ne7+ Kh8 26.Bc4 Qxh5 27.Bxd5 cxd5 28.Qc7 Re8 29.Rg1
Qf7 30.Nxd5 Qxc7 31.Nxc7 Rd8 32.Rd1 Kg8 33.Nb5 a6 34.Nc3 Kf7 35.d5 h5 36.Kc2 g5
37.Rd3 h4 38.Kd2 g4 39.Ke3 Ng6 40.Rd1 f5 41.Kd4 h3 42.Re1 h2 43.Rh1 Rh8 44.Ne2
f4 45.Ke4 Re8+ 46.Kf5 Rxe2 47.Rxh2 Ne7+ 48.Kxf4 Nxd5+ 49.Kxg4 Rxb2 50.Rh5 Nf6+

[Event "VII OPEN AMATEUR CALVIA"]
[Site "Calvia - Mallorca (España)"]
[Date "2010.10.14"]
[Round "6"]
[Board "1"]
[White "Navarrete Terrasa, Sebastian"]
[Black "Tscharotschkin, Michael"]
[Result "0-1"]
[WhiteElo "1997"]
[BlackElo "2179"]
[PlyCount "52"]
[EventDate "2010.10.09"]
[EventRounds "9"]
[EventCountry "ESP"]

1.e4 e5 2.Nf3 Nc6 3.Bb5 a6 4.Bxc6 bxc6 5.O-O d6 6.d4 f6 7.Be3 Be6 8.Qe2 g6 9.Rd1
Bg7 10.Nc3 Ne7 11.dxe5 fxe5 12.Ng5 Qd7 13.Na4 Qc8 14.Rxd6 cxd6 15.Nb6 Bg4 16.f3
Qb7 17.Nxa8 h6 18.fxg4 hxg5 19.Qxa6 Qxb2 20.Rf1 Rf8 21.Nc7+ Kd7 22.Rxf8 Bxf8
23.Qb6 Qc3 24.h3 Nc8 25.Qb7 Qxe3+ 26.Kh2 Qb6

[Event "VII OPEN AMATEUR CALVIA"]
[Site "Calvia - Mallorca (España)"]
[Date "2010.10.14"]
[Round "6"]
[Board "1"]
[White "Shen, Yue"]
[Black "Carrasco Sagredo, Manuel"]
[Result "0-1"]
[WhiteElo "1885"]
[BlackElo "2157"]
[PlyCount "84"]
[EventDate "2010.10.09"]
[EventRounds "9"]
[EventCountry "ESP"]

1.e4 g6 2.d4 Bg7 3.Nf3 d6 4.c3 Nf6 5.Bd3 O-O 6.O-O c5 7.Bf4 Nc6 8.d5 Nb8 9.Qd2
Re8 10.h3 a6 11.a4 c4 12.Bc2 Nbd7 13.Qe2 Nc5 14.Na3 b5 15.Rad1 Qb6 16.e5 dxe5
17.Bxe5 Bb7 18.Nd4 Rad8 19.axb5 Bxd5 20.Nxc4 Qb7 21.Na5 Qa8 22.Ndc6 Rd7 23.c4
Be6 24.b4 Rxd1 25.Rxd1 Ncd7 26.f4 axb5 27.cxb5 Nxe5 28.fxe5 Nd7 29.Be4 Kh8
30.Rxd7 Bxd7 31.b6 Qc8 32.b7 Qc7 33.Qa6 Bxe5 34.b5 Bg3 35.Qa7 Qd6 36.Qd4+ Qxd4+
37.Nxd4 Kg7 38.Bc6 Rd8 39.Kf1 Bxh3 40.Nc2 Be6 41.Bf3 Rd2 42.Nb4 Rf2+

[Event "VII OPEN AMATEUR CALVIA"]
[Site "Calvia - Mallorca (España)"]
[Date "2010.10.14"]
[Round "6"]
[Board "1"]
[White "Walton, Alan J"]
[Black "Grichkevitch, Gilles"]
[Result "1-0"]
[WhiteElo "2152"]
[BlackElo "2099"]
[PlyCount "65"]
[EventDate "2010.10.09"]
[EventRounds "9"]
[EventCountry "ESP"]

1.d4 Nf6 2.Bg5 c5 3.d5 Ne4 4.Bc1 e5 5.Nd2 Nxd2 6.Bxd2 d6 7.e4 Be7 8.Nf3 a6 9.Be2
O-O 10.O-O f5 11.exf5 Bxf5 12.Ne1 Qe8 13.f4 e4 14.g4 Bc8 15.Ng2 b5 16.b3 Bf6
17.Rb1 Nd7 18.c4 Nb6 19.Be3 Bd7 20.h4 a5 21.g5 Bd8 22.h5 b4 23.Bg4 g6 24.hxg6
hxg6 25.Nh4 Ra7 26.Rb2 Nc8 27.Rh2 Ne7 28.Be6+ Bxe6 29.dxe6 Nf5 30.Nxf5 Rxf5
31.Qxd6 Re7 32.Bxc5 Rxe6 33.Qd5

[Event "VII OPEN AMATEUR CALVIA"]
[Site "Calvia - Mallorca (España)"]
[Date "2010.10.14"]
[Round "6"]
[Board "1"]
[White "Nilsson, Viktor"]
[Black "Thorell, Viktor"]
[Result "1-0"]
[WhiteElo "2151"]
[BlackElo "2096"]
[PlyCount "88"]
[EventDate "2010.10.09"]
[EventRounds "9"]
[EventCountry "ESP"]

1.d4 Nf6 2.Nf3 e6 3.g3 b5 4.Bg2 d5 5.O-O Be7 6.b3 Bb7 7.c4 bxc4 8.bxc4 c5 9.dxc5
Bxc5 10.Bb2 Nbd7 11.cxd5 Bxd5 12.Nc3 Rb8 13.Nxd5 Rxb2 14.Nxf6+ Qxf6 15.Qa4 Rb4
16.Qc6 Rb6 17.Qc8+ Qd8 18.Qxd8+ Kxd8 19.Rfd1 Ke7 20.Rac1 Rb5 21.Nd4 Bxd4 22.Rxd4
Nc5 23.e4 Rd8 24.Rdc4 Na6 25.Ra4 Rd6 26.Bf1 Rc5 27.Rb1 Nc7 28.Rxa7 Rd4 29.f3 Rd2
30.a4 Ra2 31.f4 f6 32.Re1 g5 33.Re2 Ra1 34.Kg2 Rcc1 35.Rf2 g4 36.a5 Kf8 37.Rd2
Rxf1 38.Rxc7 Rg1+ 39.Kf2 Rgf1+ 40.Ke3 Rfe1+ 41.Kd3 Ra3+ 42.Kc2 Ra2+ 43.Kc3 Re3+
44.Kd4 Rxa5

[Event "VII OPEN AMATEUR CALVIA"]
[Site "Calvia - Mallorca (España)"]
[Date "2010.10.14"]
[Round "6"]
[Board "1"]
[White "Porte, Henrik"]
[Black "Pietinen, Pekka"]
[Result "1-0"]
[WhiteElo "2113"]
[BlackElo "1997"]
[PlyCount "75"]
[EventDate "2010.10.09"]
[EventRounds "9"]
[EventCountry "ESP"]

1.d4 Nf6 2.c4 e6 3.Nc3 Bb4 4.Qc2 Nc6 5.Nf3 d5 6.Bg5 h6 7.Bh4 a6 8.e3 O-O 9.cxd5
exd5 10.Bd3 Be6 11.O-O Be7 12.a3 Ne8 13.Bxe7 Qxe7 14.b4 Na7 15.Na4 Nd6 16.Nc5
Nac8 17.Ne5 Nb6 18.Rac1 Rfc8 19.f4 Bd7 20.Bh7+ Kh8 21.f5 Bb5 22.Rf3 Ne8 23.Bg6
f6 24.Nf7+ Kg8 25.Rg3 Nd6 26.Nxh6+ gxh6 27.Qd1 Ne4 28.Nxe4 dxe4 29.Qh5 Kf8
30.Qxh6+ Qg7 31.Qh4 Bc6 32.Bh7 Qf7 33.Qh6+ Ke7 34.Rg7 Rf8 35.Rxf7+ Rxf7 36.Bg6
Rff8 37.Qf4 Kd7 38.h4

[Event "VII OPEN AMATEUR CALVIA"]
[Site "Calvia - Mallorca (España)"]
[Date "2010.10.14"]
[Round "6"]
[Board "1"]
[White "Minescu, Dragos-Olivar"]
[Black "Sokalsky, Alexander"]
[Result "0-1"]
[WhiteElo "2098"]
[BlackElo "2226"]
[PlyCount "82"]
[EventDate "2010.10.09"]
[EventRounds "9"]
[EventCountry "ESP"]

1.c4 c5 2.Nc3 g6 3.g3 Bg7 4.Bg2 Nc6 5.d3 Nf6 6.e4 d6 7.Nge2 O-O 8.O-O Nd4 9.Nxd4
cxd4 10.Ne2 Nd7 11.f4 a5 12.Bd2 Nc5 13.Qc2 Bd7 14.b3 Rc8 15.a3 a4 16.b4 Nb3
17.Rab1 b5 18.c5 dxc5 19.bxc5 Nxc5 20.Bb4 Nxe4 21.Qxc8 Bxc8 22.Bxe4 Bg4 23.Rfe1
Qd7 24.Rbc1 Rc8 25.Rxc8+ Qxc8 26.Rc1 Qd7 27.Kf2 h5 28.Ng1 Qe6 29.h3 Bf5 30.Re1
Bf6 31.Re2 Qc8 32.Bxf5 Qxf5 33.Re4 Qc8 34.Re2 g5 35.fxg5 Bxg5 36.h4 Be3+ 37.Rxe3
dxe3+ 38.Kxe3 Qe6+ 39.Kf2 Qb6+ 40.Kf1 Qe3 41.Ne2 e5

[Event "VII OPEN AMATEUR CALVIA"]
[Site "Calvia - Mallorca (España)"]
[Date "2010.10.14"]
[Round "6"]
[Board "1"]
[White "Lechado Artigues, Pedro"]
[Black "Draghici Flutur, Gavril"]
[Result "0-1"]
[WhiteElo "2096"]
[BlackElo "2152"]
[PlyCount "78"]
[EventDate "2010.10.09"]
[EventRounds "9"]
[EventCountry "ESP"]

1.e4 c5 2.Nf3 d6 3.d4 cxd4 4.Nxd4 Nf6 5.Nc3 Bd7 6.f3 e6 7.Be3 Nc6 8.Qd2 a6
9.O-O-O h5 10.Kb1 Qc7 11.h4 b5 12.Bg5 b4 13.Nce2 Rc8 14.Nxc6 Qxc6 15.Nd4 Qa4
16.Be2 Be7 17.Rc1 O-O 18.g4 hxg4 19.h5 Rc5 20.Nb3 Nxe4 21.fxe4 Rxg5 22.h6 g6
23.h7+ Kh8 24.Rcg1 g3 25.Qd4+ e5 26.Qd2 Bb5 27.Bd1 Bc4 28.Rh3 Qb5 29.Rhxg3 Rxg3
30.Rxg3 a5 31.Nc1 Rd8 32.Rf3 Be6 33.Qh2 Qc4 34.Qf2 Kxh7 35.Be2 Qc7 36.Bd3 Kg7
37.Ne2 d5 38.Qg1 dxe4 39.Bxe4 Qc4

[Event "VII OPEN AMATEUR CALVIA"]
[Site "Calvia - Mallorca (España)"]
[Date "2010.10.14"]
[Round "6"]
[Board "1"]
[White "Lopez Colon, Francisco"]
[Black "Pasanen, Tuomo"]
[Result "1/2-1/2"]
[WhiteElo "2145"]
[BlackElo "1992"]
[PlyCount "135"]
[EventDate "2010.10.09"]
[EventRounds "9"]
[EventCountry "ESP"]

1.d4 Nf6 2.c4 e6 3.Nc3 Bb4 4.Qc2 O-O 5.a3 Bxc3+ 6.Qxc3 Ne4 7.Qc2 f5 8.Nh3 Nc6
9.e3 d6 10.f3 Nf6 11.b4 e5 12.b5 Ne7 13.Bb2 f4 14.dxe5 dxe5 15.Rd1 Qe8 16.e4
Bxh3 17.gxh3 Qh5 18.Bg2 Ng6 19.O-O Nh4 20.Rd2 Rad8 21.Rxd8 Rxd8 22.Rd1 Rxd1+
23.Qxd1 Qg5 24.Qe2 Kf7 25.Kf1 Nxg2 26.Qxg2 Qxg2+ 27.Kxg2 Ke6 28.Kf2 Nd7 29.Ke2
b6 30.Bc3 Nc5 31.Be1 Na4 32.Bf2 Kd6 33.Kd2 Nb2 34.c5+ bxc5 35.Kc2 Nc4 36.a4 c6
37.bxc6 Kxc6 38.Kc3 Nb6 39.Kb3 a6 40.Bh4 c4+ 41.Kb4 a5+ 42.Ka3 c3 43.Bd8 Nc4+
44.Kb3 Nd2+ 45.Kxc3 Nxf3 46.Bxa5 Nxh2 47.Kd3 Nf3 48.Bc3 g5 49.a5 h5 50.Ke2 Ng1+
51.Kf1 Nxh3 52.Bxe5 g4 53.Bf6 f3 54.Bh4 Kb5 55.e5 Nf4 56.Bg3 Ng6 57.e6 Kxa5
58.Bh4 Kb5 59.e7 Nxe7 60.Bxe7 Kc6 61.Bh4 Kd5 62.Kf2 Ke4 63.Bg5 Kf5 64.Bd8 Ke4
65.Be7 Kd4 66.Bd8 Kd3 67.Be7 g3+ 68.Kxf3

[Event "VII OPEN AMATEUR CALVIA"]
[Site "Calvia - Mallorca (España)"]
[Date "2010.10.14"]
[Round "6"]
[Board "1"]
[White "Jaramillo, Eduardo Alonso"]
[Black "Adams, Philip"]
[Result "1-0"]
[WhiteElo "1996"]
[BlackElo "2133"]
[PlyCount "131"]
[EventDate "2010.10.09"]
[EventRounds "9"]
[EventCountry "ESP"]

1.e4 c5 2.Nf3 Nc6 3.d4 cxd4 4.Nxd4 g6 5.Be3 Nf6 6.Nc3 Bg7 7.Be2 O-O 8.O-O d5
9.exd5 Nxd5 10.Nxd5 Qxd5 11.Bf3 Qa5 12.Nxc6 bxc6 13.c3 Rb8 14.b4 Qc7 15.Rc1 Ba6
16.Re1 Bc4 17.Qa4 Rfc8 18.Qxa7 Qxa7 19.Bxa7 Ra8 20.Rxe7 Bf8 21.Rd7 Bxa2 22.Be3
Be6 23.Rb7 Ra3 24.h3 c5 25.b5 Bc4 26.b6 Rb3 27.Rc7 Be6 28.Rxc8 Bxc8 29.Rd1 Be7
30.b7 Bxb7 31.Rd7 Bxf3 32.Rxe7 Bd5 33.Bh6 Rb8 34.Re5 Rd8 35.Bg5 Rd6 36.Be7 Re6
37.Rxd5 Rxe7 38.Rxc5 Re1+ 39.Kh2 Rc1 40.Kg3 Rc2 41.Kf3 h5 42.Ke3 Kg7 43.Rc6 Kf8
44.g4 hxg4 45.hxg4 Ke7 46.g5 Kd7 47.Rc4 Ra2 48.Rf4 Ke6 49.Rf6+ Ke7 50.c4 Ra5
51.f4 Ra7 52.Kd4 Kd8 53.c5 Re7 54.Kd5 Kc7 55.Rc6+ Kd8 56.Ra6 Kc8 57.Ra4 Rd7+
58.Kc6 Rc7+ 59.Kd6 Rd7+ 60.Ke5 Re7+ 61.Kf6 Rc7 62.Ra8+ Kb7 63.Rf8 Ka6 64.Rxf7
Rc6+ 65.Kg7 Kb5 66.Rf6

[Event "VII OPEN AMATEUR CALVIA"]
[Site "Calvia - Mallorca (España)"]
[Date "2010.10.14"]
[Round "6"]
[Board "1"]
[White "Knudsen, Jes West"]
[Black "Queirolo Perez, Manuel"]
[Result "0-1"]
[WhiteElo "1996"]
[BlackElo "2102"]
[PlyCount "66"]
[EventDate "2010.10.09"]
[EventRounds "9"]
[EventCountry "ESP"]

1.e4 e6 2.d3 d5 3.Nd2 c5 4.Ngf3 Nc6 5.g3 Nf6 6.Bg2 Be7 7.O-O O-O 8.Re1 b6 9.h4
Qc7 10.Nf1 Bb7 11.Bf4 e5 12.exd5 exf4 13.dxc6 Bxc6 14.gxf4 Ng4 15.Ne5 Nxe5
16.fxe5 Bxh4 17.Qg4 Bxg2 18.Kxg2 Qc6+ 19.Re4 f5 20.exf6 Bxf6 21.c3 Rad8 22.Rd1
Rd6 23.Ng3 Rfd8 24.Nf5 Rxd3 25.Rxd3 Rxd3 26.Qxg7+ Bxg7 27.Ne7+ Kf8 28.Nxc6 Rd2
29.Nxa7 Rxb2 30.Nc8 Bxc3 31.Kg3 b5 32.Nd6 b4 33.Re8+ Kg7

[Event "VII OPEN AMATEUR CALVIA"]
[Site "Calvia - Mallorca (España)"]
[Date "2010.10.14"]
[Round "6"]
[Board "1"]
[White "Adler, Bo"]
[Black "Rodriguez Garcia, Jesus"]
[Result "1-0"]
[WhiteElo "2220"]
[BlackElo "1928"]
[PlyCount "45"]
[EventDate "2010.10.09"]
[EventRounds "9"]
[EventCountry "ESP"]

1.d4 d5 2.c4 c6 3.Nc3 Nf6 4.Nf3 e6 5.e3 Bd6 6.Qc2 Nbd7 7.Bd2 b6 8.cxd5 exd5
9.Nxd5 Bb7 10.Nxf6+ Nxf6 11.e4 Be7 12.Bd3 h6 13.O-O O-O 14.Rad1 Rc8 15.e5 Nd5
16.Bf5 Rc7 17.Qe4 c5 18.Qg4 Kh8 19.Bb1 Bc8 20.Qh5 Rc6 21.dxc5 Bxc5 22.Bg5 Qd7
23.Be4

[Event "VII OPEN AMATEUR CALVIA"]
[Site "Calvia - Mallorca (España)"]
[Date "2010.10.14"]
[Round "6"]
[Board "1"]
[White "Tart, Peter K"]
[Black "Mercant Simo, Jaime"]
[Result "0-1"]
[WhiteElo "1948"]
[BlackElo "2123"]
[PlyCount "36"]
[EventDate "2010.10.09"]
[EventRounds "9"]
[EventCountry "ESP"]

1.e4 e6 2.d4 d5 3.exd5 exd5 4.Bd3 Bd6 5.Qf3 Nc6 6.Ne2 Nb4 7.O-O Nxd3 8.Qxd3 Qf6
9.Nd2 Ne7 10.Nf3 h6 11.Ng3 O-O 12.Re1 Ng6 13.h3 Nf4 14.Bxf4 Qxf4 15.Re3 c5
16.dxc5 Bxc5 17.Re5 Qxg3 18.Qf1 Bxh3